000
00491nam a2200145Ia 4500
008
100204s9999 xx 000 0 und d
082
_b
5995
100
_a
धुरी विरेंद्र ह.
245
_a
चितेवरची फुले
260
_b
"डिंंंंप्ंाल पब्लिकेशन, वसई"
_c
1984
300
_a
124
630
_a
चितेवरची फुले
730
_a
चितेवरची फुले
942
_c
BOOK
999
_c
450501
_d
450498